000 00353nam a2200133Ia 4500
003 GCL
008 140319s9999 xx 000 0 ara d
040 _aGCL /
_cGCL
082 0 4 _a778.53
_bا ف
100 1 _aاحمد الحضرى
245 1 0 _aفن التصوير السينمائى /
_cاحمد الحضرى
300 _a78 ص
490 _aكتابك
_v0
999 _c47583
_d47583